00840nam a22002297i 4500003000400000005001700004007000300021008004100024020003900065040002500104082001400129245003200143264003600175300004600211336002100257337002500278338002300303490011500326650003100441700002300472830011500495OSt20180821085628.0ta180704s2016 cc a|||j |||| 00| 0 chi d a9787511032676cRM 16.00qpaperback aPPAKbengcPPAKerda 223a495.1 aWomen de shenti /cLi Xiang aBeijing :bDolphin Press,c2016 a21 pages :bcolour illustrations ;c23 cm 2rdacontentatext 2rdamediaaunmediated 2rdacarrieravolume aRed Cherry Science Enlightenment Picture Book Children's Natural Science Series First Science Discovery Series aChinese language - Readers aLi, Xiang,eeditor aRed Cherry Science Enlightenment Picture Book Children's Natural Science Series First Science Discovery Series